[Event "HUN-chT U18"]
[Site "Miskolc"]
[Date "2010.11.04"]
[Round "5.14"]
[White "Kalmar, Sara"]
[Black "Horvath, Balazs"]
[Result "0-1"]
[WhiteElo "1457"]
[BlackElo "1870"]
[PlyCount "106"]
[EventDate "2010.11.02"]
[EventType "team-swiss"]
[EventRounds "8"]
[EventCountry "HUN"]
[SourceTitle "EXT 2016"]
[Source "ChessBase"]
[SourceDate "2015.10.08"]
[SourceVersion "1"]
[SourceVersionDate "2015.10.08"]
[SourceQuality "1"]

1. e4 e5 2. Nf3 Nc6 3. d4 exd4 4. Nxd4 Bc5 5. Be3 Qf6 6. c3 Nge7 7. Bb5 a6 8. Ba4 0-0 9. 0-0 b5 10. Bc2 Bxd4 11. cxd4 d5 12. exd5 Nb4 13. Be4 Nbxd5 14. Bxd5 Nxd5 15. Qh5 c6 16. Nc3 Qf5 17. Qxf5 Bxf5 18. Ne2 Rad8 19. Ng3 Bg6 20. Rac1 Rd6 21. f3 Nxe3 22. Rfe1 Nd5 23. Ne4 Bxe4 24. fxe4 Nb4 25. Rc3 Nxa2 26. Rb3 Rxd4 27. Ra1 Ra4 28. Re1 Re8 29. e5 Nb4 30. Re4 c5 31. Kf2 c4 32. Ra3 Rxa3 33. bxa3 Nd3+ 34. Kf3 Nxe5+ 35. Kf4 Ng6+ 36. Ke3 Rxe4+ 37. Kxe4 f6 38. Kd4 Kf7 39. Ke4 Ke6 40. g3 a5 41. Kd4 Kd6 42. h3 Ne7 43. Kc3 Kc5 44. g4 g5 45. Kc2 b4 46. axb4+ axb4 47. Kb2 Kd4 48. Kc2 b3+ 49. Kd2 c3+ 50. Kc1 Kd3 51. Kb1 c2+ 52. Kc1 Kc3 53. h4 b2# 0-1